| 000 | 00612nam a22001937a 4500 | ||
|---|---|---|---|
| 003 | 0 | ||
| 005 | 20250915152850.0 | ||
| 008 | 250915b xxu||||| |||| 00| 0 eng d | ||
| 020 | _a978-1-64726-922-7 | ||
| 050 |
_aQA 76.77 _b.B37 2025 |
||
| 100 |
_aBarnes, Reid, _eauthor. |
||
| 245 |
_aOperating systems essentials / _cReid Barnes. |
||
| 260 |
_aNew York, NY : _bClanrye International, _c2025. |
||
| 300 |
_aviii, 243 pages : _billustrations ; _c26 cm. |
||
| 504 | _aIncludes bibliographical references and index. | ||
| 650 | _aOperating systems (Computers). | ||
| 650 | _aSystems software. | ||
| 942 |
_2lcc _cBK |
||
| 999 |
_c367960 _d367960 |
||